[Event "RUS-ch (Women) 1st League 61st"]
[Site "Ivanovo"]
[Date "2011.02.28"]
[Round "8"]
[White "Sorokina, Natalia"]
[Black "Morgunova, Elena"]
[Result "0-1"]
[WhiteElo "2210"]
[BlackElo "1698"]
[PlyCount "102"]
[EventDate "2011.02.21"]
[EventType "swiss"]
[EventRounds "9"]
[EventCountry "RUS"]
[SourceTitle "CBM 141 Extra"]
[Source "ChessBase"]
[SourceDate "2011.05.03"]
[SourceVersion "1"]
[SourceVersionDate "2011.05.03"]
[SourceQuality "1"]

1. e4 c5 2. Nf3 Nc6 3. d3 d6 4. Be2 Nf6 5. 0-0 g6 6. c3 Bg7 7. Nbd2 0-0 8. a4 Bd7 9. Nc4 Ng4 10. Bf4 Na5 11. d4 cxd4 12. cxd4 Nf6 13. e5 dxe5 14. dxe5 Nh5 15. Bd2 Nxc4 16. Bxc4 Bh8 17. Qb3 Bc6 18. Rad1 Qc7 19. Ng5 Be8 20. f4 Ng7 21. Kh1 h6 22. Nf3 Bc6 23. Nh4 e6 24. Bb5 Bd5 25. Qh3 Kh7 26. Rc1 Qd8 27. Nf3 Bxf3 28. Qxf3 Qxd2 29. Qxb7 Qxb2 30. Rc7 a6 31. Bc6 Qxb7 32. Bxb7 Ra7 33. Rb1 Nf5 34. Rb6 g5 35. g3 gxf4 36. gxf4 Kg8 37. Rxa6 Rxa6 38. Bxa6 Ra8 39. Bb5 Nd4 40. Rc1 Nxb5 41. axb5 Rb8 42. Rb1 f6 43. exf6 Bxf6 44. Kg2 Kf7 45. Kf3 Ke7 46. Ke4 Kd6 47. f5 e5 48. Rg1 Rxb5 49. Rg6 Ke7 50. Rxh6 Rb4+ 51. Ke3 Bg5+ 0-1

[Event "RUS-ch (Women) 1st League 61st"]
[Site "Ivanovo"]
[Date "2011.02.27"]
[Round "7"]
[White "Urbanaites, Elvira"]
[Black "Sorokina, Natalia"]
[Result "1-0"]
[WhiteElo "1683"]
[BlackElo "2210"]
[PlyCount "41"]
[EventDate "2011.02.21"]
[EventType "swiss"]
[EventRounds "9"]
[EventCountry "RUS"]
[SourceTitle "CBM 141 Extra"]
[Source "ChessBase"]
[SourceDate "2011.05.03"]
[SourceVersion "1"]
[SourceVersionDate "2011.05.03"]
[SourceQuality "1"]

1. e4 e5 2. d4 exd4 3. Nf3 c5 4. Bc4 Nf6 5. 0-0 d5 6. exd5 Nxd5 7. Re1+ Be7 8. Qe2 Be6 9. Bb5+ Nd7 10. c4 dxc3 11. bxc3 0-0 12. Bb2 a6 13. Bxd7 Qxd7 14. Ne5 Qc7 15. c4 Nb6 16. Nd2 Rad8 17. Rac1 Bg5 18. Nef3 Bg4 19. Rcd1 Rfe8 20. Qxe8+ Rxe8 21. Rxe8# 1-0

[Event "RUS-ch (Women) 1st League 61st"]
[Site "Ivanovo"]
[Date "2011.02.26"]
[Round "6"]
[White "Sorokina, Natalia"]
[Black "Loginova, Tatiana"]
[Result "1-0"]
[WhiteElo "2210"]
[BlackElo "1599"]
[PlyCount "99"]
[EventDate "2011.02.21"]
[EventType "swiss"]
[EventRounds "9"]
[EventCountry "RUS"]
[SourceTitle "CBM 141 Extra"]
[Source "ChessBase"]
[SourceDate "2011.05.03"]
[SourceVersion "1"]
[SourceVersionDate "2011.05.03"]
[SourceQuality "1"]

1. Nf3 d5 2. d3 Bg4 3. e4 dxe4 4. dxe4 Qxd1+ 5. Kxd1 Nc6 6. c3 0-0-0+ 7. Kc2 e5 8. Be3 f6 9. Nbd2 a6 10. a4 a5 11. Bc4 Kb8 12. Rhd1 Nge7 13. Nb3 b6 14. Rxd8+ Nxd8 15. Rd1 Ndc6 16. h3 Bh5 17. g4 Bg6 18. Nfd2 Nc8 19. Bb5 N6a7 20. Bd7 Nd6 21. f3 Be7 22. Be6 h5 23. g5 fxg5 24. Rg1 Bf7 25. Bd5 Bxd5 26. exd5 Nf7 27. Ne4 Rd8 28. c4 Nd6 29. Nxd6 Rxd6 30. Bxg5 Rg6 31. Be3 Rxg1 32. Bxg1 Nc8 33. Nd2 Nd6 34. b3 Kb7 35. Kd3 c6 36. dxc6+ Kxc6 37. Ne4 Nxe4 38. Kxe4 Bf6 39. Bh2 Kc5 40. Bg1+ Kc6 41. Be3 Kb7 42. Kd5 Kc7 43. Bf2 h4 44. Bg1 g6 45. Bf2 g5 46. Be3 e4 47. fxe4 Bd8 48. e5 Kd7 49. e6+ Ke7 50. Bxg5+ 1-0

[Event "RUS-ch (Women) 1st League 61st"]
[Site "Ivanovo"]
[Date "2011.02.25"]
[Round "5"]
[White "Protopopova, Anastasiya"]
[Black "Sorokina, Natalia"]
[Result "1-0"]
[WhiteElo "1816"]
[BlackElo "2210"]
[PlyCount "83"]
[EventDate "2011.02.21"]
[EventType "swiss"]
[EventRounds "9"]
[EventCountry "RUS"]
[SourceTitle "CBM 141 Extra"]
[Source "ChessBase"]
[SourceDate "2011.05.03"]
[SourceVersion "1"]
[SourceVersionDate "2011.05.03"]
[SourceQuality "1"]

1. d4 Nf6 2. Nf3 c6 3. g3 d6 4. Bg2 Nbd7 5. 0-0 e5 6. dxe5 dxe5 7. b3 Bc5 8. Bb2 Qc7 9. c4 0-0 10. Qc2 Re8 11. Nc3 Bf8 12. Rad1 Nc5 13. b4 Na6 14. a3 Be6 15. c5 Nb8 16. Ng5 a5 17. Nce4 Nbd7 18. Nd6 h6 19. Nxe8 Rxe8 20. Nxe6 Rxe6 21. Rd2 b6 22. Bh3 Re8 23. Rfd1 Nb8 24. Qc4 axb4 25. axb4 bxc5 26. bxc5 Qa5 27. Bc3 Qxc5 28. Qxc5 Bxc5 29. Rd8 Kf8 30. Rxe8+ Kxe8 31. Bxe5 Ne4 32. e3 Ng5 33. Bg2 Na6 34. Bxc6+ Ke7 35. Bxg7 h5 36. h4 Ne6 37. Rd7+ Ke8 38. Ra7+ Kd8 39. Bf6+ Kc8 40. Rxa6 Nc7 41. Ra5 Bb6 42. Rxh5 1-0

[Event "RUS-ch (Women) 1st League 61st"]
[Site "Ivanovo"]
[Date "2011.02.23"]
[Round "3"]
[White "Artemenko, Rimma"]
[Black "Sorokina, Natalia"]
[Result "0-1"]
[WhiteElo "1566"]
[BlackElo "2210"]
[PlyCount "56"]
[EventDate "2011.02.21"]
[EventType "swiss"]
[EventRounds "9"]
[EventCountry "RUS"]
[SourceTitle "CBM 141 Extra"]
[Source "ChessBase"]
[SourceDate "2011.05.03"]
[SourceVersion "1"]
[SourceVersionDate "2011.05.03"]
[SourceQuality "1"]

1. d4 Nf6 2. Nf3 c6 3. Bf4 d6 4. h3 Nbd7 5. c3 Qc7 6. e3 e5 7. dxe5 Nxe5 8. Be2 Bf5 9. 0-0 0-0-0 10. Nbd2 h6 11. Qb3 g5 12. Bxe5 dxe5 13. Rfd1 Bd6 14. Nf1 g4 15. hxg4 Nxg4 16. Nh4 e4 17. Bxg4 Bxg4 18. Rd4 f5 19. Qe6+ Kb8 20. g3 h5 21. Kg2 Qe7 22. Qxe7 Bxe7 23. Nh2 Bxh4 24. Nxg4 hxg4 25. gxh4 Rxd4 26. cxd4 Rxh4 27. Kg3 Rh3+ 28. Kf4 Rf3+ 0-1

[Event "RUS-ch (Women) 1st League 61st"]
[Site "Ivanovo"]
[Date "2011.02.21"]
[Round "1"]
[White "Nikitina, Elena"]
[Black "Sorokina, Natalia"]
[Result "1-0"]
[WhiteElo "2029"]
[BlackElo "2210"]
[PlyCount "69"]
[EventDate "2011.02.21"]
[EventType "swiss"]
[EventRounds "9"]
[EventCountry "RUS"]
[SourceTitle "CBM 141 Extra"]
[Source "ChessBase"]
[SourceDate "2011.05.03"]
[SourceVersion "1"]
[SourceVersionDate "2011.05.03"]
[SourceQuality "1"]

1. e4 e6 2. d4 d5 3. exd5 exd5 4. Bd3 Bd6 5. Nf3 Ne7 6. 0-0 0-0 7. Bg5 f6 8. Bd2 Bf5 9. Be2 Ng6 10. c4 Nf4 11. Bxf4 Bxf4 12. Qb3 b6 13. cxd5 Kh8 14. Nc3 Bg6 15. Bc4 Nd7 16. Rfe1 a6 17. a4 Qc8 18. Nh4 Bf7 19. Nf5 g6 20. Ne7 Qb7 21. Qc2 Bd6 22. Nc6 Rae8 23. b4 b5 24. axb5 axb5 25. Nxb5 Bxd5 26. Rxe8 Rxe8 27. Nxd6 cxd6 28. Bxd5 Nb6 29. Bf3 Rc8 30. d5 Nd7 31. Qb2 Ne5 32. Nxe5 fxe5 33. h3 Rc4 34. b5 Kg8 35. b6 1-0

[Event "Yugra Region-ch"]
[Site "Khanty-Mansiysk"]
[Date "2011.01.16"]
[Round "3"]
[White "Sorokina, Natalia"]
[Black "Samartsev, Alexander"]
[Result "0-1"]
[WhiteElo "2210"]
[BlackElo "2263"]
[PlyCount "64"]
[EventDate "2011.01.15"]
[EventType "swiss"]
[EventRounds "7"]
[EventCountry "RUS"]
[SourceTitle "EXT 2012"]
[Source "ChessBase"]
[SourceDate "2011.11.24"]
[SourceVersion "1"]
[SourceVersionDate "2011.11.24"]
[SourceQuality "1"]

1. Nf3 d5 2. b3 Bf5 3. Bb2 e6 4. e3 h6 5. Be2 Nf6 6. 0-0 Be7 7. d3 0-0 8. Nbd2 c5 9. c4 Nc6 10. Rc1 Nb4 11. Bxf6 Bxf6 12. e4 dxe4 13. dxe4 Bh7 14. e5 Be7 15. a3 Nd3 16. Bxd3 Bxd3 17. Re1 Qa5 18. Re3 Rfd8 19. Ne1 Bg6 20. a4 Rxd2 21. Qf3 Rd7 22. g3 Bg5 23. Ng2 Bxe3 24. Nxe3 Rad8 25. h4 Qd2 26. Rd1 Qc3 27. Rf1 Qxe5 28. Ng4 Qh5 29. Nh2 Qxf3 30. Nxf3 Rd1 31. Ne1 Bd3 32. Nxd3 R1xd3 0-1

[Event "Bykova Memorial op (Women)"]
[Site "Suzdal"]
[Date "2010.12.22"]
[Round "8"]
[White "Sorokina, Natalia"]
[Black "Shaydullina, Sandugach"]
[Result "0-1"]
[WhiteElo "2210"]
[BlackElo "2175"]
[PlyCount "54"]
[EventDate "2010.12.15"]
[EventType "swiss"]
[EventRounds "9"]
[EventCountry "RUS"]
[SourceTitle "CBM 140 Extra"]
[Source "ChessBase"]
[SourceDate "2011.03.01"]
[SourceVersion "1"]
[SourceVersionDate "2011.03.01"]
[SourceQuality "1"]

1. Nf3 d5 2. b3 Bg4 3. e3 Nd7 4. Bb2 Ngf6 5. Be2 e6 6. 0-0 Be7 7. d3 0-0 8. Nbd2 a5 9. a3 c5 10. c4 Re8 11. Ne5 Bxe2 12. Qxe2 Nxe5 13. Bxe5 Nd7 14. Bb2 Nb8 15. Rfc1 Nc6 16. Qg4 d4 17. Nf3 f5 18. Qf4 Bd6 19. Qg5 Qxg5 20. Nxg5 Ne5 21. Rd1 dxe3 22. f3 h6 23. Nh3 Nc6 24. d4 cxd4 25. Bxd4 e2 26. Bb2 exd1Q+ 27. Rxd1 Rad8 0-1

[Event "Bykova Memorial op (Women)"]
[Site "Suzdal"]
[Date "2010.12.20"]
[Round "6"]
[White "Sorokina, Natalia"]
[Black "Terentieva, Alena"]
[Result "1-0"]
[WhiteElo "2210"]
[BlackElo "1688"]
[PlyCount "113"]
[EventDate "2010.12.15"]
[EventType "swiss"]
[EventRounds "9"]
[EventCountry "RUS"]
[SourceTitle "CBM 140 Extra"]
[Source "ChessBase"]
[SourceDate "2011.03.01"]
[SourceVersion "1"]
[SourceVersionDate "2011.03.01"]
[SourceQuality "1"]

1. Nf3 c5 2. b3 Nc6 3. Bb2 d6 4. d4 cxd4 5. Nxd4 e5 6. Nf3 Nf6 7. c4 Bf5 8. Nc3 Be7 9. g3 0-0 10. Bg2 a6 11. 0-0 Qd7 12. Nd5 Nxd5 13. cxd5 Na7 14. Rc1 Rac8 15. Qd2 Rxc1 16. Rxc1 Rc8 17. Ng5 h6 18. Ne4 Bxe4 19. Bxe4 Rxc1+ 20. Qxc1 Qc8 21. Qe3 Nb5 22. a4 Nc7 23. Qc3 Qd7 24. h4 Ne8 25. Bg2 Qc7 26. Qxc7 Nxc7 27. b4 b6 28. e4 Kf8 29. Bh3 Ke8 30. Bc8 Kd8 31. Bb7 Kd7 32. Bc1 Bd8 33. Be3 a5 34. Bc6+ Ke7 35. b5 Ne8 36. Bxe8 Kxe8 37. f4 f6 38. Kf2 Kf7 39. h5 g5 40. hxg6+ Kxg6 41. f5+ Kh5 42. Kf3 Bc7 43. Bf2 Kg5 44. g4 h5 45. Kg3 h4+ 46. Kf3 h3 47. Kg3 Kh6 48. Kxh3 Bd8 49. Kh4 Kg7 50. Be3 Kh7 51. g5 fxg5+ 52. Bxg5 Bc7 53. Kh5 Kg7 54. Be7 Kf7 55. f6 Bb8 56. Bd8 Ba7 57. Kg5 1-0

[Event "Bykova Memorial op (Women)"]
[Site "Suzdal"]
[Date "2010.12.17"]
[Round "3"]
[White "Sorokina, Natalia"]
[Black "Baraeva, Marina"]
[Result "0-1"]
[WhiteElo "2210"]
[BlackElo "2126"]
[PlyCount "50"]
[EventDate "2010.12.15"]
[EventType "swiss"]
[EventRounds "9"]
[EventCountry "RUS"]
[SourceTitle "CBM 140 Extra"]
[Source "ChessBase"]
[SourceDate "2011.03.01"]
[SourceVersion "1"]
[SourceVersionDate "2011.03.01"]
[SourceQuality "1"]

1. Nf3 d5 2. c4 c6 3. b3 Nf6 4. Bb2 g6 5. e3 Bg7 6. Be2 0-0 7. 0-0 b6 8. d4 Bb7 9. c5 bxc5 10. dxc5 Qa5 11. Qd4 Ne8 12. Ne5 Nd7 13. b4 Qc7 14. f4 a5 15. a3 axb4 16. axb4 Rxa1 17. Bxa1 Nxe5 18. fxe5 f6 19. Qg4 Bc8 20. Qg3 fxe5 21. Nd2 Rxf1+ 22. Kxf1 Qb7 23. Qh4 Bf6 24. Qg3 Qxb4 25. Ke1 Bh4 0-1

[Event "Moscow op-C 04th (Women)"]
[Site "Moscow"]
[Date "2008.02.08"]
[Round "7"]
[White "Sorokina, Natalia"]
[Black "Gavrjuchenkova, Angelina"]
[Result "0-1"]
[WhiteElo "2210"]
[BlackElo "1957"]
[PlyCount "76"]
[EventDate "2008.02.02"]
[EventType "swiss"]
[EventRounds "9"]
[EventCountry "RUS"]
[SourceTitle "CBM 122 Extra"]
[Source "ChessBase"]
[SourceDate "2008.03.04"]
[SourceVersion "1"]
[SourceVersionDate "2008.03.04"]
[SourceQuality "1"]

1. e4 c5 2. Nf3 d6 3. d4 cxd4 4. Nxd4 Nf6 5. Nc3 g6 6. Be3 Bg7 7. f3 0-0 8. Qd2 Nc6 9. Bc4 Bd7 10. 0-0-0 Rc8 11. Bb3 Ne5 12. h4 Nc4 13. Bxc4 Rxc4 14. h5 Nxh5 15. g4 Nf6 16. Bh6 Nxe4 17. Nxe4 Rxd4 18. Qh2 Rxd1+ 19. Kxd1 Be5 20. Bf4 h5 21. gxh5 Bxf4 22. Qxf4 Qb6 23. Kc1 Bf5 24. hxg6 Bxg6 25. Nf6+ Kg7 26. Nh5+ Bxh5 27. Rxh5 Qg1+ 28. Kd2 f6 29. Qe4 Qg6 30. Qh4 Rc8 31. c3 Rc5 32. Rxc5 dxc5 33. Qe4 Qxe4 34. fxe4 Kf7 35. Kd3 Ke6 36. a3 Ke5 37. Ke3 e6 38. b3 f5 0-1

[Event "Moscow op-C 04th (Women)"]
[Site "Moscow"]
[Date "2008.02.07"]
[Round "6"]
[White "Semenova, Elena"]
[Black "Sorokina, Natalia"]
[Result "1-0"]
[WhiteElo "2012"]
[BlackElo "2210"]
[PlyCount "53"]
[EventDate "2008.02.02"]
[EventType "swiss"]
[EventRounds "9"]
[EventCountry "RUS"]
[SourceTitle "CBM 122 Extra"]
[Source "ChessBase"]
[SourceDate "2008.03.04"]
[SourceVersion "1"]
[SourceVersionDate "2008.03.04"]
[SourceQuality "1"]

1. e4 e5 2. Nc3 Nc6 3. Bb5 a6 4. Bxc6 dxc6 5. Nf3 Nf6 6. Nxe5 Qd4 7. Nf3 Qd8 8. d3 Bg4 9. h3 Bh5 10. Bf4 Bc5 11. g4 Bg6 12. Qd2 Qe7 13. 0-0-0 0-0-0 14. Bg5 h6 15. Bh4 Bd4 16. Nxd4 Rxd4 17. f4 Qf8 18. Bxf6 gxf6 19. Qe3 Rb4 20. a3 Rb6 21. Na4 Rb5 22. Qd2 b6 23. c4 Ra5 24. Nc3 c5 25. f5 Bh7 26. Nd5 Qg7 27. Qh2 1-0

[Event "Moscow op-C 04th (Women)"]
[Site "Moscow"]
[Date "2008.02.06"]
[Round "5"]
[White "Sorokina, Natalia"]
[Black "Golban, Ludmila"]
[Result "1-0"]
[WhiteElo "2210"]
[BlackElo "1910"]
[PlyCount "58"]
[EventDate "2008.02.02"]
[EventType "swiss"]
[EventRounds "9"]
[EventCountry "RUS"]
[SourceTitle "CBM 122 Extra"]
[Source "ChessBase"]
[SourceDate "2008.03.04"]
[SourceVersion "1"]
[SourceVersionDate "2008.03.04"]
[SourceQuality "1"]

1. e4 c5 2. Nf3 e6 3. d4 cxd4 4. Nxd4 a6 5. Nc3 Qc7 6. Be2 b5 7. a3 Bb7 8. f3 Nf6 9. Be3 Be7 10. Qd2 0-0 11. 0-0-0 Nc6 12. h4 b4 13. axb4 Nxb4 14. g4 Qa5 15. Nb3 Na2+ 16. Nxa2 Qxa2 17. Qd3 d5 18. e5 Nd7 19. Bd4 a5 20. Kd2 Qa4 21. Ra1 Qb4+ 22. Bc3 Qf4+ 23. Qe3 Qxe3+ 24. Kxe3 a4 25. Na5 Bc5+ 26. Kf4 Ba6 27. Bxa6 Rxa6 28. Rxa4 f6 29. exf6 gxf6 1-0